[Event "Quebec-ch 50+"]
[Site "Montreal"]
[Date "2015.04.19"]
[Round "5"]
[White "Dominique, Vladimir"]
[Black "Morin, Louis"]
[Result "1/2-1/2"]
[WhiteElo "1722"]
[BlackElo "1888"]
[PlyCount "49"]
[EventDate "2015.04.17"]
[EventType "swiss"]
[EventRounds "5"]
[EventCountry "CAN"]
[SourceTitle "EXT 2019"]
[Source "ChessBase"]
[SourceDate "2018.10.10"]
[SourceVersion "1"]
[SourceVersionDate "2018.10.10"]
[SourceQuality "1"]

1. Nf3 c5 2. d4 cxd4 3. Nxd4 Nf6 4. Nc3 e6 5. e4 Nc6 6. Be3 Bb4 7. Bd3 d5 8. exd5 Nxd5 9. Nxc6 bxc6 10. Bd2 Nxc3 11. bxc3 Bc5 12. 0-0 0-0 13. Qh5 f5 14. Rae1 Qf6 15. Re2 Bd7 16. Rfe1 Bd6 17. Bc4 Rae8 18. Kh1 g6 19. Qh3 Kh8 20. Qd3 e5 21. Bh6 e4 22. Qd4 Qxd4 23. cxd4 Rf6 24. Bg5 Rff8 25. Bh6 1/2-1/2

[Event "Montreal Mercredi 04"]
[Site "Montreal"]
[Date "2012.05.02"]
[Round "5"]
[White "Barko, Maxim"]
[Black "Dominique, Vladimir"]
[Result "0-1"]
[WhiteElo "1668"]
[BlackElo "1710"]
[PlyCount "66"]
[EventDate "2012.04.13"]
[EventType "swiss"]
[EventRounds "5"]
[EventCountry "CAN"]
[SourceTitle "EXT 2022"]
[Source "ChessBase"]
[SourceDate "2021.10.06"]
[SourceVersion "1"]
[SourceVersionDate "2021.10.06"]
[SourceQuality "1"]

1. Nf3 Nf6 2. d4 d5 3. c4 e6 4. e3 Bd6 5. Nbd2 Nbd7 6. b3 c6 7. Bb2 b6 8. Bd3 Bb7 9. 0-0 0-0 10. Ne5 Rc8 11. f4 c5 12. Rc1 Qe7 13. Ndf3 cxd4 14. exd4 Ba3 15. Bxa3 Qxa3 16. Nxd7 Nxd7 17. Bb1 dxc4 18. bxc4 Qe3+ 19. Rf2 Bxf3 20. gxf3 Qxf4 21. Qd3 Qxc1+ 22. Rf1 Qg5+ 23. Kh1 g6 24. f4 Qf6 25. f5 exf5 26. Qg3 Qc6+ 27. Kg1 Qxc4 28. Bxf5 Qxd4+ 29. Kh1 Rc3 30. Qg5 Rc5 31. Qg3 Rxf5 32. Rxf5 Qe4+ 33. Rf3 Ne5 0-1

[Event "Montreal Mercredi 04"]
[Site "Montreal"]
[Date "2012.04.18"]
[Round "3"]
[White "Cote, Philippe"]
[Black "Dominique, Vladimir"]
[Result "1-0"]
[WhiteElo "1672"]
[BlackElo "1710"]
[PlyCount "37"]
[EventDate "2012.04.13"]
[EventType "swiss"]
[EventRounds "5"]
[EventCountry "CAN"]
[SourceTitle "EXT 2022"]
[Source "ChessBase"]
[SourceDate "2021.10.06"]
[SourceVersion "1"]
[SourceVersionDate "2021.10.06"]
[SourceQuality "1"]

1. e4 c6 2. d4 d5 3. exd5 cxd5 4. Bd3 Nc6 5. c3 Nf6 6. Bf4 e6 7. Nf3 Be7 8. Nbd2 0-0 9. 0-0 Qb6 10. Rb1 h6 11. Re1 Bd7 12. Ne5 Qd8 13. Re3 Be8 14. Rg3 Kh8 15. Qf3 Ng8 16. Qg4 Bf6 17. Ndf3 Rc8 18. Qh3 a6 19. Ng4 1-0

[Event "Montreal Ahuntsic op-A"]
[Site "Montreal"]
[Date "2011.04.03"]
[Round "1"]
[White "Tremblay, Alain"]
[Black "Dominique, Vladimir"]
[Result "1/2-1/2"]
[WhiteElo "1923"]
[BlackElo "1536"]
[PlyCount "68"]
[EventDate "2011.04.03"]
[EventType "swiss (rapid)"]
[EventRounds "5"]
[EventCountry "CAN"]
[SourceTitle "EXT 2013"]
[Source "ChessBase"]
[SourceDate "2012.11.22"]
[SourceVersion "1"]
[SourceVersionDate "2012.11.22"]
[SourceQuality "1"]

1. Nf3 Nf6 2. d4 d5 3. Bg5 e6 4. Nbd2 Be7 5. e3 h6 6. Bh4 Ne4 7. Bxe7 Qxe7 8. Bd3 Nxd2 9. Qxd2 0-0 10. h4 c5 11. c3 Nc6 12. Bb5 cxd4 13. cxd4 Bd7 14. a4 Rfd8 15. Bxc6 Bxc6 16. Ne5 Rdc8 17. g4 Qe8 18. g5 h5 19. g6 fxg6 20. b3 Kh7 21. Rg1 Qf8 22. Nxg6 Qf3 23. Ne5 Qe4 24. Nf7 Kg8 25. Nd6 Qxh4 26. Nxc8 Rxc8 27. Rc1 Qh2 28. Ke2 Rf8 29. Qe1 Be8 30. Qf1 h4 31. Qg2 Bh5+ 32. Ke1 Qxg2 33. Rxg2 Bf3 34. Rh2 g5 1/2-1/2